000 01825nam a2200385 c 4500
999 _c9922
_d9922
003 BLK
005 20200810082547.0
008 180412b bul|||||r ||||||| ||bul||
010 _aKNG00011366000
020 _a954-562-036-6
040 _aBLK
041 _aBUL
_cBUL
080 _aХигиена на духовния живот. Вж и 613.8
_b159.913
_x(035)
_z159.913(035)
080 _aБезсъзнателно и подсъзнателно
_b159.964
_x(035)
_z159.964(035)
080 _aХигиена на нервната система. Психическа и нравствена хигиена. Вж и 178 ; 351.76
_b613.8
_x(035)
_z613.8(035)
100 1 _aДеньоф, Тристан
_eпърви автор
_960065
139 _aДеньоф, Тристан
_bД 43
245 1 0 _aДарете си здраве и щастие
_bЕз. на подсъзнанието - техники и упражнения
_cТристан Деньоф.
257 _aBGR
260 _bАстрала
_c1995
_fХасково : Развитие
300 _a159 с.
_c20 см
380 _a1
500 _aТристан Деньов - псевд. на бълг. авт ; 850 тир
650 4 _aПсихохигиена - наръчници и ръководства
_9168433
650 4 _aПодсъзнание - упражняване - наръчници и ръководства
_9254967
650 4 _aМедитация - наръчници и ръководства
_9242290
650 4 _aСамовнушение - наръчници и ръководства
_9170151
653 _aздраве
653 _aмедитация
852 _aЦб 300664
856 4 _qpdf
_u
856 4 _qpdf
_u
942 _cKNG
_n0
_s1
944 _aCR
_c15.01.2003
_kГеновева_Генчева
944 _aED
_c28.08.2004
999 _d9922